<?xml version="1.0" encoding="UTF-8"?>
<record
    xmlns:xsi="http://www.w3.org/2001/XMLSchema-instance"
    xsi:schemaLocation="http://www.loc.gov/MARC21/slim http://www.loc.gov/standards/marcxml/schema/MARC21slim.xsd"
    xmlns="http://www.loc.gov/MARC21/slim">

  <leader>01402nam a2200277 a 4500</leader>
  <controlfield tag="001"> </controlfield>
  <controlfield tag="003">DO-SdBNP</controlfield>
  <controlfield tag="005">20211119074236.0</controlfield>
  <controlfield tag="008">091007t1999    dr      r     001 p spa d</controlfield>
  <datafield tag="020" ind1=" " ind2=" ">
    <subfield code="a">8493052914</subfield>
  </datafield>
  <datafield tag="040" ind1=" " ind2=" ">
    <subfield code="a">DO-SdBNP</subfield>
    <subfield code="b">spa</subfield>
    <subfield code="c">BPMSU</subfield>
  </datafield>
  <datafield tag="082" ind1=" " ind2=" ">
    <subfield code="a">RD861.4408</subfield>
    <subfield code="b">M843a 1999</subfield>
    <subfield code="2">22</subfield>
  </datafield>
  <datafield tag="245" ind1="0" ind2="0">
    <subfield code="a">Antolog&#xED;a po&#xE9;tica de Domingo Moreno Jimenes /</subfield>
    <subfield code="c">pr&#xF3;logo, selecci&#xF3;n y notas de Manuel Mora Serrano.</subfield>
  </datafield>
  <datafield tag="260" ind1=" " ind2=" ">
    <subfield code="a">Santo Domingo :</subfield>
    <subfield code="b">Librer&#xED;a la Trinitaria,</subfield>
    <subfield code="c">1999.</subfield>
  </datafield>
  <datafield tag="300" ind1=" " ind2=" ">
    <subfield code="a">135 p. ;</subfield>
    <subfield code="c">21 cm.</subfield>
  </datafield>
  <datafield tag="500" ind1=" " ind2=" ">
    <subfield code="a">Incluye datos biogr&#xE1;ficos del compilador en la solapa de la cubierta.</subfield>
  </datafield>
  <datafield tag="505" ind1="0" ind2=" ">
    <subfield code="t">Datos biogr&#xE1;ficos de Domingo Moreno Jimenes --</subfield>
    <subfield code="t">La obra po&#xE9;tica de Domingo Moreno Jimenes --</subfield>
    <subfield code="t">Breve historia del Postumismo --</subfield>
    <subfield code="t">Importancia de Moreno y del Postumismo en la poes&#xED;a dominicana --</subfield>
    <subfield code="t">Moreno Jimenes y del Postumismo en la literatura hispanoamericana --</subfield>
    <subfield code="t">Conclusiones --</subfield>
    <subfield code="t">Biograf&#xED;a sobre el Postumismo --</subfield>
    <subfield code="t">Obra publicada por Domingo Moreno Jimenes --</subfield>
    <subfield code="t">Poemas con Rimas --</subfield>
    <subfield code="t">Poemas sin Rimas --</subfield>
    <subfield code="t">Ep&#xED;logo --</subfield>
    <subfield code="t">Extra&#xF1;o saludo (A la hermana de la hija reintegrada).</subfield>
  </datafield>
  <datafield tag="590" ind1=" " ind2=" ">
    <subfield code="a">Inventariado, 2021/VM</subfield>
  </datafield>
  <datafield tag="600" ind1="1" ind2="4">
    <subfield code="a">Moreno Jimenes, Domingo </subfield>
    <subfield code="d">1894-1986</subfield>
    <subfield code="x">Cr&#xED;tica e interpretaci&#xF3;n </subfield>
  </datafield>
  <datafield tag="650" ind1=" " ind2="4">
    <subfield code="a">Poes&#xED;a dominicana</subfield>
  </datafield>
  <datafield tag="650" ind1=" " ind2="4">
    <subfield code="a">Formas literarias</subfield>
  </datafield>
  <datafield tag="650" ind1=" " ind2="4">
    <subfield code="a">Literatura dominicana.</subfield>
  </datafield>
  <datafield tag="700" ind1="1" ind2=" ">
    <subfield code="a">Mora Serrano, Manuel</subfield>
    <subfield code="d">1933-</subfield>
    <subfield code="c"> </subfield>
    <subfield code="e"> </subfield>
  </datafield>
  <datafield tag="910" ind1=" " ind2=" ">
    <subfield code="a">VMateo V. </subfield>
  </datafield>
  <datafield tag="942" ind1=" " ind2=" ">
    <subfield code="2">ddc</subfield>
    <subfield code="c">BK</subfield>
  </datafield>
  <datafield tag="952" ind1=" " ind2=" ">
    <subfield code="0">0</subfield>
    <subfield code="1">0</subfield>
    <subfield code="2">ddc</subfield>
    <subfield code="4">0</subfield>
    <subfield code="7">0</subfield>
    <subfield code="8">CD</subfield>
    <subfield code="a">BPMET</subfield>
    <subfield code="b">BPMET</subfield>
    <subfield code="d">2021-11-19</subfield>
    <subfield code="e">Compra</subfield>
    <subfield code="l">0</subfield>
    <subfield code="o">BPMSU CD RD861.4408 M843a 1999</subfield>
    <subfield code="p">BPMSU21110096</subfield>
    <subfield code="r">2021-11-19</subfield>
    <subfield code="w">2021-11-19</subfield>
    <subfield code="y">BK</subfield>
  </datafield>
  <datafield tag="952" ind1=" " ind2=" ">
    <subfield code="0">0</subfield>
    <subfield code="1">0</subfield>
    <subfield code="2">ddc</subfield>
    <subfield code="4">0</subfield>
    <subfield code="7">0</subfield>
    <subfield code="8">CD</subfield>
    <subfield code="a">BPMET</subfield>
    <subfield code="b">BPMET</subfield>
    <subfield code="d">2021-11-19</subfield>
    <subfield code="e">Compra</subfield>
    <subfield code="l">0</subfield>
    <subfield code="o">BPMSU CD RD861.4408 M843a 1999</subfield>
    <subfield code="p">BPMSU21110097</subfield>
    <subfield code="r">2021-11-19</subfield>
    <subfield code="t">e.2</subfield>
    <subfield code="w">2021-11-19</subfield>
    <subfield code="y">BK</subfield>
  </datafield>
  <datafield tag="952" ind1=" " ind2=" ">
    <subfield code="0">0</subfield>
    <subfield code="1">0</subfield>
    <subfield code="2">ddc</subfield>
    <subfield code="4">0</subfield>
    <subfield code="7">0</subfield>
    <subfield code="8">CD</subfield>
    <subfield code="a">BPMET</subfield>
    <subfield code="b">BPMET</subfield>
    <subfield code="d">2021-11-19</subfield>
    <subfield code="e">Compra</subfield>
    <subfield code="l">0</subfield>
    <subfield code="o">BPMSU CD RD861.4408 M843a 1999</subfield>
    <subfield code="p">BPMSU21110098</subfield>
    <subfield code="r">2021-11-19</subfield>
    <subfield code="t">e.3</subfield>
    <subfield code="w">2021-11-19</subfield>
    <subfield code="y">BK</subfield>
  </datafield>
  <datafield tag="999" ind1=" " ind2=" ">
    <subfield code="c">13882</subfield>
    <subfield code="d">13882</subfield>
  </datafield>
</record>
